Judicial review of fundamental rights (Record no. 352283)

000 -LEADER
fixed length control field 00371cam a22001337a 4500
008 - FIXED-LENGTH DATA ELEMENTS--GENERAL INFORMATION
fixed length control field 180718b1976 xxu||||| |||| 00| 0 eng d
082 ## - DEWEY DECIMAL CLASSIFICATION NUMBER
Classification number C41x54 R249
100 ## - MAIN ENTRY--PERSONAL NAME
Personal name Reddy, P.S.
245 ## - TITLE STATEMENT
Title Judicial review of fundamental rights
Statement of responsibility, etc. by P.S. Reddy
260 ## - PUBLICATION, DISTRIBUTION, ETC.
Place of publication, distribution, etc. Delhi
Name of publisher, distributor, etc. National
Date of publication, distribution, etc. 1976
300 ## - PHYSICAL DESCRIPTION
Extent 394p.
650 ## - SUBJECT ADDED ENTRY--TOPICAL TERM
Topical term or geographic name entry element Judicial review --India
650 ## - SUBJECT ADDED ENTRY--TOPICAL TERM
Topical term or geographic name entry element Civil rights --India
Holdings
Withdrawn status Lost status Damaged status Not for loan Permanent Location Current Location Date acquired Total Checkouts Full call number Barcode Date last seen Date last checked out Price effective from Koha item type
        Indian Institute of Public Administration Indian Institute of Public Administration 1993-11-22 1 C41x54 R249 51385 2021-03-31 2021-03-18 2018-07-21 Book

Powered by Koha